Normal view
MARC view
Entry Personal Name
001 - CONTROL NUMBER
- control field: 281141
003 - CONTROL NUMBER IDENTIFIER
- control field:
005 - DATE AND TIME OF LATEST TRANSACTION
- control field: 20210601211801.0
008 - FIXED-LENGTH DATA ELEMENTS
- fixed length control field: 210601|| aca||aabn | a|a d
040 ## - CATALOGING SOURCE
- Original cataloging agency:
- Transcribing agency:
100 ## - HEADING--PERSONAL NAME
- Personal name: Murry, J. Middleton,
- Dates associated with a name: 1889-1957
670 ## - SOURCE DATA FOUND
- Source citation: Work cat.: (): Mansfield, Katherine, 1888-1923 260677, Journal of Katherine Mansfield /, 1927
